000 00955nam a2200277Ia 4500
003 CO-BoRNBP
005 20250604145710.0
007 ta
008 180109s9999 xx 000 0 und d
020 _a9789588296517
040 _aCO-BoRNBP
_bspa
_erda
_cCO-BoRNBP
041 _aspa
084 _aN SAL1
100 1 _aSalgari, Emilio, 1862-1911
_940643
245 1 0 _aEl corsario negro /
_cEmilio Salgari ; ilustraciones de Alberto Pez ; traducción de J.P i Fuster.
250 _aPrimera edición
264 1 _aBogotá :
_bCangrejo Editores :
_bEdiciones Gato azul;2016
300 _a335 páginas :
_bilustraciones en color ;
_c24 cm
336 _atexto
_btxt
_2rdacontent
337 _asin mediación
_bn
_2rdamedia
338 _avolumen
_bnc
_2rdacarrier
490 0 _aColección Emilio Salgari
650 0 0 _aNovela infantil italiana
_2LEMB
_924716
700 1 _aPez, Alberto, 1963- , ilustrador \ ; Fuster, J.P., traductor
_959447
942 _2loc
_cBK
999 _c57105
_d57105